Premier League Appearances by Nationality: Denmark - Statistics

General Stats
  • This quiz has been taken 29 times
  • The average score is 4 of 10
Answer Stats
Appearances Player % Correct
310 Christian Eriksen
96%
284 Kasper Schmeichel
83%
310 Peter Schmeichel
83%
254 Pierre-Emile Hojbjerg
50%
175 Daniel Agger
46%
157 Claus Jensen
38%
188 Joachim Andersen
17%
364 Thomas Sorensen
17%
149 Thomas Gravesen
8%
152 Phillip Billing
0%
No matching quizzes found
Score Distribution
Percent of People with Each Score
Percentile by Number Answered
Your Score History
You have not taken this quiz